000 00862nam a2200217 i 4500
001 38015
003 ES-MaACL
005 20260203063030.0
007 t|
008 030224s1921 sp a |||| | spa d
100 1 _aCabré Aguiló, Juan,
_d1882-1947
_933266
245 1 0 _aReivindicaciones en arte rupestre de la península ibérica /
_cJuan Cabré Aguiló.
260 _aMadrid :
_b[s.n.,
_c1921] (
_fGráf. Reunidas)
300 _a14 p. :
_bil. ;
_c30 cm.
594 _aPonencia del día 30 de junio de 1921, en el Congreso de la Asociación Española para el Progreso de las Ciencias, celebrado en Oporto.
650 4 _aPintura rupestre-
_zEspaña.
_916082
650 4 _aArte prehistórico-
_zEspaña.
_9151265
710 2 _aAsociación Española para el Progreso de las Ciencias.
_91705
852 _aES-MaACL
_j1654-F-7
999 _c38015
_d38015